000 00538nam a2200205Ia 4500
008 240729s9999 xx 000 0 und d
022 _a2090-021X
245 0 _aJournal of Nucleic Acids
260 _aUnited Kingdom
260 _bHindawi Limited
650 _a Biochemistry
650 _a Biology (General)
650 _a Chemistry
650 _a Genetics | Science
650 _a Organic chemistry
650 _aScience
856 _uhttps://doaj.org/toc/bf68843d1ec748f99c92a5c9e55ab4ed
942 _2ddc
942 _cDOAJEJ
999 _c71770
_d71770
945 _a1
_bMadushi Gamage
_c1
_dMadushi Gamage